| 000 | 00653nam a2200217 i 4500 | ||
|---|---|---|---|
| 001 | 88399 | ||
| 003 | ES-MaACL | ||
| 005 | 20230906175843.0 | ||
| 007 | t| | ||
| 008 | 050104s1952 sp ||||1| spa d | ||
| 100 | 1 |
_aLajugie, Joseph. _969711 |
|
| 245 | 1 | 4 |
_aLas doctrinas económicas / _cJoseph Lajugie ; traducido y adaptado por Sebastián Montilla. |
| 250 | _a[1ª ed.]. | ||
| 260 |
_aBarcelona, etc. : _bSalvat, _c[1952] ( _fImp. Hispano-Americana) |
||
| 300 |
_aVIII, 164 p. ; _c17 cm. |
||
| 490 | 1 | _aSurco | |
| 700 | 1 |
_aMontilla, Sebastián. _982658 |
|
| 830 | 0 |
_aSurco _9181374 |
|
| 852 |
_aES-MaACL _jD-8175 _bR.32666 |
||
| 999 |
_c88399 _d88399 |
||